Theodosiani. Libri XVI. CVM constitutionibussirmondianis et leges novellae ad theodiannum pertinentes
Saved in:
| Hovedforfatter: | |
|---|---|
| Format: | Bog |
| Sprog: | latin |
| Udgivet: |
Zurich
Apud Weidmannos
1971
|
| Fag: | |
| Tags: |
Tilføj Tag
Ingen Tags, Vær først til at tagge denne postø!
|
MARC
| LEADER | 00000nam a2200000 a 4500 | ||
|---|---|---|---|
| 001 | UCR2635 | ||
| 003 | CL-VaPUC | ||
| 008 | 980112e19710000SZ |||||||||||||||||lat|d | ||
| 082 | 0 | 4 | |a 340.5401 |b MOM |2 21 |
| 100 | |a Mommsen, Teodoro |e autor |q Mommsen, Theodor |9 580211 | ||
| 245 | 1 | 0 | |a Theodosiani. Libri XVI. CVM constitutionibussirmondianis et leges novellae ad theodiannum pertinentes |
| 300 | |a 2 v | ||
| 942 | |c BK | ||
| 945 | |d 19980112 00:00:00 |a aolguin | ||
| 260 | |a Zurich |b Apud Weidmannos |c 1971 | ||
| 500 | |a v.1 p.1: Textus. CVM constitutionibus sirmondianis | ||
| 500 | |a v.1 p.2: Prolegomena. CVM Constitutionibus sirmondianis | ||
| 500 | |a v.2: Leges novellae. Pertinentes | ||
| 600 | 0 | 7 | |a TEODOSIO |2 CL-VaPUC |9 368358 |
| 650 | 0 | |a Derecho romano |9 255930 | |
| 650 | 0 | |a Fuentes del derecho |9 255162 | |
| 650 | 0 | |a Derecho civil |9 255013 | |
| 650 | 7 | |a TEXTOS JURIDICOS |2 CL-VaPUC |9 400797 | |
| 650 | 7 | |a CODIGO TEODOSIANO |2 CL-VaPUC |9 395753 | |
| 650 | 0 | |a Leyes |9 256670 | |
| 650 | 7 | |a NOVELAS |2 CL-VaPUC |9 333250 | |
| 583 | |a last modification |c 19980112 00:00:00 |k Rodrigo Vera | ||
| 999 | |c 265768 |d 265766 | ||
| 952 | |0 0 |1 0 |4 0 |6 340_540100000000000_MOM_1971 |7 0 |8 DER_ROM |9 296854 |a BIBDER |b BIBDER |d 2019-11-20 |h v.1p.1 |i 1931741 |o 340.5401 MOM 1971 |p 1931741 |r 2023-01-25 |w 2019-11-20 |x Ubicación 4to piso |y BK_X |z Este recurso debe solicitarse con anticipación |k DER | ||
| 952 | |0 0 |1 0 |4 0 |6 340_540100000000000_MOM_1971 |7 0 |8 DER_ROM |9 296855 |a BIBDER |b BIBDER |d 2019-11-20 |h v.1p.2 |i 1931490 |o 340.5401 MOM 1971 |p 1931490 |r 2023-01-25 |w 2019-11-20 |x Ubicación 4to piso |y BK_X |z Este recurso debe solicitarse con anticipación |k DER | ||
| 952 | |0 0 |1 0 |4 0 |6 340_540100000000000_MOM_1971 |7 0 |8 DER_ROM |9 296856 |a BIBDER |b BIBDER |d 2019-11-20 |h v.2 |i 1931695 |o 340.5401 MOM 1971 |p 1931695 |r 2023-01-25 |w 2019-11-20 |x Ubicación 4to piso |y BK_X |z Este recurso debe solicitarse con anticipación |k DER | ||